| 000 | 00369nam a22001457a 4500 | ||
|---|---|---|---|
| 005 | 20251007123208.0 | ||
| 008 | 250929b |||||||| |||| 00| 0 eng d | ||
| 020 | _a978-93-48189-85-1 | ||
| 041 | _aHINDI | ||
| 100 |
_aCHATURVEDI, PHANEEDRA NATH _98705 |
||
| 245 | _aBHARAT KE MAHAPURUSH | ||
| 260 |
_aUTTAR PRADESH _bAKSHAR PLANT _c2024 |
||
| 300 | _a194;P | ||
| 942 | _cBK | ||
| 999 |
_c8849 _d8847 |
||